Corrosion engineering (Record no. 1267)

000 -LEADER
fixed length control field 00569nam a22002177a 4500
001 - CONTROL NUMBER
control field 1267
003 - CONTROL NUMBER IDENTIFIER
control field BD-DhUET
008 - FIXED-LENGTH DATA ELEMENTS--GENERAL INFORMATION
fixed length control field 140902b xxu||||| |||| 00| 0 eng d
020 ## - INTERNATIONAL STANDARD BOOK NUMBER
International Standard Book Number 9789848725085
040 ## - CATALOGING SOURCE
Transcribing agency 0
Modifying agency BD-DhUET
082 ## - DEWEY DECIMAL CLASSIFICATION NUMBER
Classification number 620.1122
Item number NOO/2009
100 ## - MAIN ENTRY--PERSONAL NAME
Personal name Nooruddin Ahmed
245 ## - TITLE STATEMENT
Title Corrosion engineering
Remainder of title an introductory text
250 ## - EDITION STATEMENT
Edition statement 1st ed.
260 ## - PUBLICATION, DISTRIBUTION, ETC. (IMPRINT)
Place of publication, distribution, etc. Dhaka
Name of publisher, distributor, etc. N. Ahmed and I. Mahmud
Date of publication, distribution, etc. 2009
300 ## - PHYSICAL DESCRIPTION
Extent xviii, 261 p.
504 ## - BIBLIOGRAPHY, ETC. NOTE
Bibliography, etc Includes bibliographies
650 #0 - SUBJECT ADDED ENTRY--TOPICAL TERM
Topical term or geographic name as entry element Corrosion and anti-Corrosion
700 ## - ADDED ENTRY--PERSONAL NAME
Personal name Iqbal Mahmud
942 ## - ADDED ENTRY ELEMENTS (KOHA)
Koha item type General Book
Holdings
Shelving location Damaged status Piece designation (barcode) Not for loan Koha item type Source of classification or shelving scheme Koha normalized classification for sorting Copy number Location (home branch) Koha issues (times borrowed) Date acquired Koha date last borrowed Lost status Price effective from Koha date last seen Sublocation or collection (holding branch) Koha out on loan Withdrawn status Koha full call number
Circulation section 107513 General Book 620_000000000000000_1122NOO2008Central Library, BUET22014-09-022021-08-28 2014-09-022021-08-28Central Library, BUET  620.1122/NOO/2009
Circulation section 107507 General Book 620_000000000000000_1122NOO2008Central Library, BUET252014-09-022021-09-06 2014-09-022021-09-06Central Library, BUET  620.1122/NOO/2009
Circulation section 107508 General Book 620_000000000000000_1122NOO2008Central Library, BUET12014-09-022021-08-28 2014-09-022021-08-28Central Library, BUET  620.1122/NOO/2009
Circulation section 107506 General Book 620_000000000000000_1122NOO200 Central Library, BUET12014-09-022021-08-28 2014-09-022021-08-28Central Library, BUET  620.1122/NOO/2009
Circulation section 107512 General Book 620_000000000000000_1122NOO200 Central Library, BUET12014-09-022021-08-28 2014-09-022021-08-28Central Library, BUET  620.1122/NOO/2009
Circulation section 107509 General Book 620_000000000000000_1122NOO200 Central Library, BUET52014-09-022025-12-01 2014-09-022025-12-01Central Library, BUET2025-12-15 620.1122/NOO/2009
Circulation section 107505 General Book 620_000000000000000_1122NOO200 Central Library, BUET382014-09-022024-10-21 2014-09-022024-10-21Central Library, BUET  620.1122/NOO/2009
Circulation section 107511 General Book 620_000000000000000_1122NOO200 Central Library, BUET12014-09-022021-08-28 2014-09-022021-08-28Central Library, BUET  620.1122/NOO/2009
Circulation section 107504 General Book 620_000000000000000_1122NOO200 Central Library, BUET12014-09-022021-08-28 2014-09-022021-08-28Central Library, BUET  620.1122/NOO/2009
Circulation section 107510 General Book 620_112200000000000_NOO_20091Central Library, BUET12010-01-132021-08-28 2018-04-282021-08-28Central Library, BUET  620.1122/NOO/2009